000 04632cam a2200469 4500500
005 20260111115452.0
041 _afre
042 _adc
100 1 0 _aCrête, Raymonde
_eauthor
700 1 0 _aNaccarato, Mario
_eauthor
700 1 0 _aDuclos, Cinthia
_eauthor
700 1 0 _aLétourneau, Audrey
_eauthor
700 1 0 _aMabit, Clément
_eauthor
245 0 0 _aL'encadrement légal et les types de déviance dans les services de placement
260 _c2010.
500 _a32
520 _aRésuméLe comportement déviant des courtiers, des gestionnaires de portefeuille et des planificateurs financiers peuvent entraîner des effets dévastateurs sur les plans microéconomique et macroéconomique, comme en témoignent de nombreuses affaires qui se sont produites ces dernières années au Canada et aux États-Unis. Cet article présente l’encadrement légal des entreprises de services de placement et de leurs représentants, en faisant ressortir les principales obligations applicables à ces intermédiaires et en distinguant les différentes autorités de surveillance et de contrôle responsables de l’application des régimes de responsabilité en matière civile, administrative, disciplinaire, pénale et criminelle. Ensuite, l’article met en évidence divers types de comportements déviants, soit les actes prohibés, comme l’exercice illégal de la profession et le blanchiment d’argent, de même que la violation des devoirs de diligence, de loyauté et de transparence. Plusieurs exemples tirés de la jurisprudence illustrent ces types de comportements déviants des entreprises et de leurs représentants. Fonctions : GRH, comptabilité, finance, management, droit Secteurs : financier, valeurs mobilières, bancaire
520 _aAs illustrated by the numerous scandals that have made headlines in recent years in Canada and the United States, financial advisors, portfolio managers and financial planners can trigger events that have a devastating effect at both the micro- and macro-economic level. This article presents an overview of the legal framework governing investment services firms, while highlighting the main obligations of intermediaries and distinguishing between the different monitoring and control authorities responsible for enforcing the various civil, administrative, disciplinary, penal and criminal liability systems. Next, the article looks at different types of deviant behaviour, or prohibited acts, including illegal practice of the profession and money laundering, as well as the violation of the duty of diligence, loyalty and transparency. Several examples from case law are used to illustrate these different types of deviant behaviour. Functions: HRM, accounting, finance, management, law Sectors: financial, banking
520 _aResumenLos consejeros financieros, gerentes de cartera y planeadores financieros pueden provocar efectos devastadores en los planos microeconómicos y macroeconómicos, como lo muestran muchos casos que ocurrieron estos últimos años en Canadá y Estados Unidos. En este artículo se presenta el marco jurídico de las empresas de servicios de inversión, resaltando las principales obligaciones aplicables a los intermediarios y haciendo la distinción entre las distintas autoridades de monitoreo y de control responsables de la aplicación de los regímenes de responsabilidad en lo civil, lo administrativo, lo disciplinario, lo penal y lo criminal. El artículo pone luego de relieve los diversos tipos de conductas desviadas, es decir los actos prohibidos, como el ejercicio ilegal de la profesión y el lavado de dinero, así como la violación de los deberes de diligencia, lealtad y transparencia. Varios ejemplos sacados de la jurisprudencia ilustran estos tipos de conductas desviadas. Funciones: GRH, contabilidad, finanzas, administración, derecho Sectores: financiero, bancario
690 _aautorités de surveillance
690 _adéontologie
690 _adétournement de fonds
690 _adéviance
690 _aencadrement légal
690 _aéthique
690 _afabrication de faux
690 _afraude
690 _agouvernance
690 _anégligence
690 _acode of ethics
690 _adeviance
690 _aembezzlement
690 _aethics
690 _afalsification
690 _aforgery
690 _afraud
690 _agovernance
690 _aintegrity
690 _atheft
786 0 _nGestion | 35 | 2 | 2010-06-01 | p. 35-48 | 0701-0028
856 4 1 _uhttps://shs.cairn.info/revue-gestion-2010-2-page-35?lang=fr&redirect-ssocas=7080
999 _c1633743
_d1633743